000 00298nam a22001337a 4500
008 170911b xxu||||| |||| 00| 0 eng d
020 _a9780030982378
041 _aeng
080 _a91
100 _a42
101 _aGJEO
245 _aESSENTIALS OF PHYSICAL GEOGRAPHY
_cGABLER
942 _2udc
_cBK
999 _c26951
_d26951